Statistics for Cities that hosted the Commonwealth Games (with a map)

Click here to take the quiz!

General Stats

  • This quiz has been taken 153 times
  • The average score is 18 of 20

Answers on the Map

Answers color-coded by a green-red scale on the quiz's map according to % correct below.
 

Answer Stats

City that hosted that yearYear% Correct
Edinburgh1970, 1986
98%
London1934
98%
Manchester2002
98%
Perth1962
98%
Sydney1938
98%
Auckland1950, 1990
97%
Delhi2010
97%
Glasgow2014
97%
Melbourne2006
97%
BirminghamIs set to host in 2022
96%
Kingston1966
95%
Vancouver1954
94%
Cardiff1958
92%
Kuala Lumpur1998
92%
Brisbane1982
91%
Christchurch1974
90%
Edmonton1978
83%
Gold Coast2018
78%
Victoria1994
67%
Hamilton1930
52%

Score Distribution

Percentile by Number Answered

Percent of People with Each Score

Your Score History

You have not taken this quiz